000 00521nam a22001817a 4500
005 20251108164221.0
008 250721s1983 xx 000 0 ara d
082 1 4 _a338.272820956/عيس
100 1 _aعبده، عيسى
245 1 0 _aبترول المسلمين و مخططات الغاصبين /
264 1 _aالقاهرة :
_bدار المعارف،
_c1983.
300 _a348ص
650 1 7 _aالنفط
650 1 7 _aالإقتصاد
650 1 7 _aالشرق الأوسط
942 _2ddc
_cBK
999 _c6630
_d6630